Memorias de un amigo imaginario / (Registro nro. 37364)

Detalles MARC
000 -CABECERA
Longitud fija campo de control 02130cam a22003252u 4500
003 - • IDENTIFICADOR DELl NÚMERO DE CONTROL
Identificador del número de control CO-ViMGA
005 - • FECHA Y HORA DE LA ÚLTIMA TRANSACCIÓN
Fecha y hora de la última transacción 20230915233614.0
008 - • CÓDIGOS DE INFORMACIÓN DE LONGITUD FIJA
Códigos de información de longitud fija 180314s2012 sp |||||o|||| ||| ||spa d
020 ## - • NÚMERO INTERNACIONAL NORMALIZADO PARA LIBROS
Número Internacional Normalizado para Libros (ISBN) 9789585783027
040 ## - FUENTE DE LA CATALOGACIÓN
Centro catalogador de origen CO-ViMGA
Lengua de catalogación spa
Centro transcriptor CO-ViMGA
041 1# - • CÓDIGO DE LENGUA
Código de lengua original eng
082 04 - • NÚMERO DE LA CLASIFICACIÓN DECIMAL DEWEY
Número de clasificación (R) 813 D554m
100 1# - • PUNTO DE ACCESO PRINCIPAL-NOMBRE DE PERSONA
Nombre de persona Dicks, Matthew
Fechas asociadas al nombre 1971-
240 10 - • TÍTULO UNIFORME
Título uniforme <a href="Memoirs of an imaginary friend">Memoirs of an imaginary friend</a>
245 10 - • TITULO PROPIAMENTE DICHO
Título Memorias de un amigo imaginario /
Mención de responsabilidad, etc. Matthew Dicks ; traducción de Victoria Alonso Blanco
300 ## - • DESCRIPCI&Oacute;N F&Iacute;SICA
Extensión 427 p. :
Otras características físicas 22 cm.
520 ## - • NOTA DE RESUMEN
Resumen, etc, "Max solo tiene ocho años y no es como los demás niños. Él vive para dentro y cuanto menos le molesten, mucho mejor. No le gustan los cambios, las sorpresas, los ruidos, que lo toquen ni que le hagan hablar por hablar. Si alguien le preguntara cuándo es más feliz, seguro que diría que jugando con sus legos y planeando batallas entre ejércitos enemigos. Max no tiene amigos, porque nadie lo entiende y todos, hasta los profesores y sus propios padres, quieren que sea de otra manera. Solo me tiene a mí, que soy su amigo desde hace cinco años. Ahora sé que Max corre peligro y solo yo lo puedo ayudar. El problema es que Max es el único que puede verme y oírme. Tengo mucho miedo por él, pero sobre todo por mí. Los padres de Max dicen que soy un amigo imaginario".
534 ## - • Nota De Versión Original
Título Memoir of an imaginary friend
650 14 - • PUNTO DE ACCESO ADICIONAL DE MATERIA - T&Eacute;RMINO DE MATERIA
Término de materia o nombre geográfico como elemento inicial Novela juvenil estadounidense
Subdivisión cronológica Siglo XX
650 14 - • PUNTO DE ACCESO ADICIONAL DE MATERIA - T&Eacute;RMINO DE MATERIA
Término de materia o nombre geográfico como elemento inicial Amistad en la literatura
650 14 - • PUNTO DE ACCESO ADICIONAL DE MATERIA - T&Eacute;RMINO DE MATERIA
Término de materia o nombre geográfico como elemento inicial Literatura juvenil estadounidense
Subdivisión cronológica Siglo XX
653 ## - • T&Eacute;RMINO DE INDIZACI&Oacute;N - NO CONTROLADO
Término no controlado Relatos de terror y fantasmas, obras de suspense (infantil/juvenil)
653 ## - • T&Eacute;RMINO DE INDIZACI&Oacute;N - NO CONTROLADO
Término no controlado Relatos románticos y de relaciones interpersonales (infantil/juvenil)
653 ## - • T&Eacute;RMINO DE INDIZACI&Oacute;N - NO CONTROLADO
Término no controlado Thriller (infantil/juvenil)
700 1# - • PUNTO DE ACCESO ADICIONAL - NOMBRE DE PERSONA
Nombre de persona Alonso Blanco, Victoria
Término indicativo de función traductor
856 41 - • LOCALIZACI&Oacute;N Y ACCESO ELECTR&Oacute;NICO
Texto del enlace Acceso al documento electrónico
Identificador Uniforme del Recurso (URI) <a href="http://repositorio.dl-e.es/epub.vm?id=0000015128.epub">http://repositorio.dl-e.es/epub.vm?id=0000015128.epub</a>
Nota pública Acceso y/o uso restringido, disponible sólo desde la Biblioteca Nacional de España y los centros de conservación
942 ## - ENTRADA DE ELEMENTOS AGREGADOS (KOHA)
Fuente de clasificaión o esquema Dewey Decimal Classification
Koha [por defecto] tipo de item LIbro
Existencias
Perdido Fuente de clasificaci&oacute;n o esquema Estado Físico No para pr&eacute;stamo Forma de adquisición Localizaci&oacute;n permanente Localizaci&oacute;n actual Fecha adquisici&oacute;n Pr&eacute;stamos totales Renovaciones totales Signatura completa C&oacute;digo de barras Fecha &uacute;ltima consulta Fecha &uacute;ltimo pr&eacute;stamo Fecha del precio de reemplazo Tipo de item de Koha
  Dewey Decimal Classification     Sala General Segundo Piso Biblioteca Pública Germán Arciniegas - Villavicencio Biblioteca Pública Germán Arciniegas - Villavicencio 04/21/2020 1 2 813 D554m 33411 09/08/2022 08/04/2022 04/21/2020 LIbro
  Dewey Decimal Classification     Sala General Segundo Piso Biblioteca Pública Germán Arciniegas - Villavicencio Biblioteca Pública Germán Arciniegas - Villavicencio 04/21/2020 1 1 813 D554m 33412 10/28/2022 09/24/2022 04/21/2020 LIbro









Instituto Departamental de Cultura del Meta - Red Departamental de Bibliotecas Públicas del Meta.